Land vs. Land #35 - Statistiken

Allgemein
  • Dieses Quiz wurde 40 mal gespielt
  • Das Durchschnittsergebnis liegt bei 12 aus 14
Antwortstatistiken
Frage Antwort % Korrekt
...Fläche? Kanada🇨🇦
100%
...Gesundheitswesen? Kanada🇨🇦
100%
...Frieden? Kanada🇨🇦
100%
...Lebenserwartung? Kanada🇨🇦
100%
...durchschnittlicher IQ? Kanada🇨🇦
100%
...Gewinner? Kanada🇨🇦
100%
...Bruttoinlandsprodukt pro Kopf? Kanada🇨🇦
97%
...Tourismus? Kanada🇨🇦
95%
...HDI (Human Development Index)? Kanada🇨🇦
95%
...Exportmengen? Kanada🇨🇦
95%
...Bruttoinlandsprodukt? Kanada🇨🇦
92%
...Einwohner? Algerien🇩🇿
73%
...Militär? Algerien🇩🇿
22%
...Happy Planet Index? Algerien🇩🇿
5%
Keine übereinstimmenden Quizze gefunden
Verteilung der Resultate
Anzahl Personen mit jedem Resultat
Perzentil nach korrekt beantworteten Fragen
Ihre Resultats-Entwicklung
Sie haben dieses Quiz noch nicht gespielt